| 000 | 00461cam a2200205ua 4500 | ||
|---|---|---|---|
| 020 | _c2.50 | ||
| 041 |
_ahin _h |
||
| 082 |
_a891.54 _bBAL/KY |
||
| 100 | _aBalzak, . | ||
| 245 |
_aKya voh pagal tha? / _cBalzak. _hTextual Documents |
||
| 250 |
_a1 / _b. |
||
| 260 |
_a : _bRajpal and Sanch , _c1959. |
||
| 300 | _a179 ; . | ||
| 365 | _a2.50 | ||
| 504 | _a | ||
| 942 | _cBK | ||
| 999 |
_c8147 _d8147 |
||